Statistics for 1:an Hållplatser Gothenburg

Click here to take the quiz!

General Stats

  • This quiz has been taken 45 times
  • The average score is 14 of 29

Answer Stats

OrderAnswer% Correct
17Brunnsparken
84%
18Centralstationen
80%
15Järntorget
76%
4Frölunda torg
72%
16Stenpiren
72%
10Marklandsgatan
64%
29Östra sjukhuset
64%
12Linnéplatsen
60%
1Opaltorget
60%
9Axel dahlströms torg
56%
11Botaniska trädgården
56%
20Svingeln
56%
3Briljantgatan
48%
6Musikvägen
48%
8Lantmilsgatan
44%
7Nymilsgatan
44%
13Olivedalsgatan
44%
22Redbergsplatsen
44%
2Smaragdgatan
44%
21Olskroken
36%
14Prinsgatan
36%
5Positivgatan
32%
23Stockholmsgatan
32%
24Härlanda
28%
25Munkebäcks torg
24%
26Ättehögsgatan
20%
19Norra Ullevi
20%
27Kaggeledstorget
16%
28Tingvallsvägen
8%

Score Distribution

Percentile by Number Answered

Percent of People with Each Score

Your Score History

You have not taken this quiz